BIBLIOTECA

SENCICO

Técnicas modernas en topografía / (Registro nro. 480)

Detalles MARC
000 -LEADER
fixed length control field 01244nam a2200241Ia 4500
003 - CONTROL NUMBER IDENTIFIER
control field PE SENCICO BE
005 - DATE AND TIME OF LATEST TRANSACTION
control field 20251020182439.0
008 - FIXED-LENGTH DATA ELEMENTS--GENERAL INFORMATION
fixed length control field 200515s9999 xx 000 0 und d
020 ## - INTERNATIONAL STANDARD BOOK NUMBER
International Standard Book Number 968-6062-98-X
040 ## - CATALOGING SOURCE
Original cataloging agency PE SENCICO BE
Transcribing agency PE SENCICO BE
082 ## - DEWEY DECIMAL CLASSIFICATION NUMBER
Classification number 526.9
Item number B21
100 1# - MAIN ENTRY--PERSONAL NAME
Personal name Bannister, A.
9 (RLIN) 3237
Relator term autor
245 10 - TITLE STATEMENT
Title Técnicas modernas en topografía /
Statement of responsibility, etc. A. Bannister, S. Raymond
260 ## - PUBLICATION, DISTRIBUTION, ETC.
Place of publication, distribution, etc. México, D.F. :
Name of publisher, distributor, etc. Representación y Servicios de Ingeniería ;
Date of publication, distribution, etc. 1987
300 ## - PHYSICAL DESCRIPTION
Extent 514 páginas :
Other physical details ilustraciones, tablas, gráficos ;
Dimensions 23 cm.
505 0# - FORMATTED CONTENTS NOTE
Formatted contents note Levantamiento con longímetro -- Nivelación -- El teodolito y su uso -- Medición óptica de distancias -- Medición electrónica y electróptica de distancias -- Métodos de levantamiento horizontal -- Áreas y volúmenes -- Trazo de curvas -- Análisis y ajuste de mediciones -- Orientación y posición -- Levantamientos hidrográficos -- Fotogrametría
520 3# - SUMMARY, ETC.
Summary, etc. Documento actualizado sobre el estudio de la topografía. Contiene temas de los recientes avances tecnológicos en topografía.
650 10 - SUBJECT ADDED ENTRY--TOPICAL TERM
Topical term or geographic name entry element Topografía
9 (RLIN) 4
650 20 - SUBJECT ADDED ENTRY--TOPICAL TERM
Topical term or geographic name entry element Fotogrametría
9 (RLIN) 120
650 20 - SUBJECT ADDED ENTRY--TOPICAL TERM
Topical term or geographic name entry element Nivelación de terrenos
9 (RLIN) 3229
700 1# - ADDED ENTRY--PERSONAL NAME
9 (RLIN) 3238
Personal name Raymond, S.
Relator term autor
942 ## - ADDED ENTRY ELEMENTS (KOHA)
Koha item type Libros
Source of classification or shelving scheme Dewey Decimal Classification
Existencias
Fecha de la última vez que lo usaron Número de ingreso o de inventario Pago total Signatura topográfica completa Código de barras Precio efectivo desde Tipo de documento Estado perdido Sistema de clasificación Estado dañado No es para préstamo Retirado Ubicación permanente Ubicación actual Fecha de adquisición
15/05/2020 3358   526.9/B21 BibLima25070056 15/05/2020 Libros   Dewey Decimal Classification       Biblioteca Central Lima Biblioteca Central Lima 15/05/2020